| 000 | 00738nam a2200217 i 4500 | ||
|---|---|---|---|
| 001 | bg | ||
| 100 | 1 | _aSŁONECKI, Jerzy | |
| 245 | 1 | 0 |
_aStruktura i niektóre właściwości kopoli (estro-eterów) / _cJerzy Słonecki. |
| 260 |
_aSzczecin : _bWydaw. Uczelniane PS, _c1992. |
||
| 300 |
_a150 s. : _brys., wykr. ; _c24 cm. |
||
| 490 | 1 |
_aPrace Naukowe Politechniki Szczecińskiej. Instytut Polimerów ; _vnr 1 |
|
| 500 | _aNumeracja ser. gł. : nr 479. | ||
| 504 | _aBibliogr. s. 139-146. | ||
| 650 | 9 |
_aKopolimery _xbadanie |
|
| 830 | 0 |
_aPrace Naukowe Politechniki Szczecińskiej. _pInstytut Polimerów ; _vnr 1 |
|
| 040 | _cBPK | ||
| 041 | 0 |
_apl _bende |
|
| 080 | _a678.6 | ||
| 942 | _cKS | ||
| 008 | s pl f |000 0 pol | ||
| 999 |
_c30047 _d30047 |
||
| 856 |
_uhttp://koha.tu.koszalin.pl/cgi-bin/koha/opac-detail.pl?biblionumber=30047 _yKatalog online BPK |
||